| 000 | 00603nam a2200241Ia 4500 | ||
|---|---|---|---|
| 005 | 20260320201158.0 | ||
| 008 | 008 262003s9999 xx 000 0 eng d | ||
| 037 | _aEBOOK | ||
| 040 | _aCRL | ||
| 040 | _beng | ||
| 040 | _cCRL | ||
| 041 | _2eng | ||
| 041 | _aeng | ||
| 084 | _qCRL | ||
| 100 |
_aXiao _91129667 |
||
| 245 | 0 | _aZeroing Neural Networks: Finite-time Convergence Design, Analysis and Applications | |
| 260 | _bIEEE | ||
| 260 | _c2023 | ||
| 856 | _uhttps://ieeexplore.ieee.org/servlet/opac?bknumber=9955345 | ||
| 942 | _cEBOOK | ||
| 999 |
_c1719420 _d1719420 |
||